MARC details
| 000 -LEADER |
| campo de control de longitud fija |
01859cam a2200409 a 4500 |
| 001 - NÚMERO DE CONTROL |
| campo de control |
112458 |
| 005 - FECHA Y HORA DE LA ÚLTIMA TRANSACCIÓN |
| campo de control |
20230410121024.0 |
| 008 - DATOS DE LONGITUD FIJA--INFORMACIÓN GENERAL |
| campo de control de longitud fija |
070119s20092007enkak b 001 0 eng |
| 035 ## - NÚMERO DE CONTROL DEL SISTEMA |
| Número de control de sistema |
14703916 |
| 010 ## - NÚMERO DE CONTROL DE LA BIBLIOTECA DEL CONGRESO |
| Número de control de LC |
2007002471 |
| 020 ## - NÚMERO INTERNACIONAL ESTÁNDAR DEL LIBRO |
| Número Internacional Estándar del Libro |
9781848310469 |
| 035 ## - NÚMERO DE CONTROL DEL SISTEMA |
| Número de control de sistema |
(OCoLC)ocm80020075 |
| 035 ## - NÚMERO DE CONTROL DEL SISTEMA |
| Número de control de sistema |
(OCoLC)80020075 |
| 040 ## - FUENTE DE CATALOGACIÓN |
| Centro catalogador/agencia de origen |
DLC |
| Centro/agencia transcriptor |
DLC |
| Centro/agencia modificador |
BAKER |
| -- |
BTCTA |
| -- |
YDXCP |
| -- |
KLC |
| -- |
OCO |
| -- |
C#P |
| -- |
JED |
| -- |
IXA |
| -- |
DLC |
| 043 ## - CÓDIGO DE ÁREA GEOGRÁFICA |
| Código de área geográfica |
n-us--- |
| 050 14 - SIGNATURA TOPOGRÁFICA DE LA BIBLIOTECA DEL CONGRESO |
| Número de clasificación |
JK 275 |
| Número de ítem |
R347s 2009 |
| 100 1# - ENTRADA PRINCIPAL--NOMBRE DE PERSONA |
| Nombre de persona |
Reich, Robert B. |
| 245 10 - MENCIÓN DEL TÍTULO |
| Título |
Supercapitalism : |
| Resto del título |
the Battle for democracy in an age of big business/ |
| Mención de responsabilidad, etc. |
Robert B. Reich. |
| 246 30 - FORMA VARIANTE DEL TITULO |
| Título propio/Titulo breve |
Battle for democracy in an age of big business |
| 260 ## - PUBLICACIÓN, DISTRIBUCIÓN, ETC. |
| Lugar de publicación, distribución, etc. |
London : |
| Nombre del editor, distribuidor, etc. |
Icon Books, |
| Fecha de publicación, distribución, etc. |
2009 c 2007. |
| 300 ## - DESCRIPCIÓN FÍSICA |
| Extensión |
ix, 272 p. : |
| Otras características físicas |
ill. forms.; |
| Dimensiones |
20 cm. |
| 500 ## - NOTA GENERAL |
| Nota general |
"The essential read on the background to the credit crisis, with a new introduction".(cover) |
| 504 ## - NOTA DE BIBLIOGRAFÍA, ETC. |
| Nota de bibliografía, etc. |
Includes bibliographical references (p. 227-251) and index. |
| 505 0# - NOTA DE CONTENIDO CON FORMATO |
| Nota de contenido con formato |
Introduction: The paradox--- The not quite golden age -- The road to supercapitalism -- Of two minds -- Democracy overwhelmed -- Politics diverted -- A citizen's guide to supercapitalism. |
| 650 #0 - PUNTO DE ACCESO ADICIONAL DE MATERIA--TÉRMINO DE MATERIA |
| Término de materia o nombre geográfico como elemento de entrada |
Democracy |
| Subdivisión general |
Economic aspects |
| Subdivisión geográfica |
United States. |
| 650 #0 - PUNTO DE ACCESO ADICIONAL DE MATERIA--TÉRMINO DE MATERIA |
| Término de materia o nombre geográfico como elemento de entrada |
Capitalism |
| Subdivisión general |
Political aspects |
| Subdivisión geográfica |
United States. |
| 650 #0 - PUNTO DE ACCESO ADICIONAL DE MATERIA--TÉRMINO DE MATERIA |
| Término de materia o nombre geográfico como elemento de entrada |
Pressure groups |
| Subdivisión geográfica |
United States. |
| 650 #0 - PUNTO DE ACCESO ADICIONAL DE MATERIA--TÉRMINO DE MATERIA |
| Término de materia o nombre geográfico como elemento de entrada |
Power (Social sciences) |
| Subdivisión general |
Economic aspects. |
| 651 #0 - PUNTO DE ACCESO ADICIONAL DE MATERIA--NOMBRE GEOGRÁFICO |
| Nombre geográfico |
United States |
| Subdivisión general |
Politics and government. |
| 651 #0 - PUNTO DE ACCESO ADICIONAL DE MATERIA--NOMBRE GEOGRÁFICO |
| Nombre geográfico |
United States |
| Subdivisión general |
Economic conditions. |
| 856 41 - LOCALIZACIÓN Y ACCESO ELECTRÓNICOS |
| Materiales especificados |
Table of contents only |
| Identificador Uniforme de Recursos |
<a href="http://www.loc.gov/catdir/toc/ecip079/2007002471.html">http://www.loc.gov/catdir/toc/ecip079/2007002471.html</a> |
| 856 42 - LOCALIZACIÓN Y ACCESO ELECTRÓNICOS |
| Materiales especificados |
Publisher description |
| Identificador Uniforme de Recursos |
<a href="http://www.loc.gov/catdir/enhancements/fy0803/2007002471-d.html">http://www.loc.gov/catdir/enhancements/fy0803/2007002471-d.html</a> |
| 856 41 - LOCALIZACIÓN Y ACCESO ELECTRÓNICOS |
| Materiales especificados |
Sample text |
| Identificador Uniforme de Recursos |
<a href="http://www.loc.gov/catdir/enhancements/fy0803/2007002471-s.html">http://www.loc.gov/catdir/enhancements/fy0803/2007002471-s.html</a> |
| 925 0# - |
| -- |
acquire |
| -- |
2 shelf copies |
| -- |
policy default |
| 942 ## - ELEMENTOS DE ENTRADA SECUNDARIOS (KOHA) |
| Fuente del sistema de clasificación o colocación |
Clasificación de Library of Congress |
| Tipo de ítem Koha |
|
| 946 ## - PROCESAMIENTO DE INFORMACIÓN LOCAL (OCLC) |
| a |
rc |